000 01345cam a22003737a 4500
003 CHAP
005 20220329135117.0
008 971013s1975 r 00010 d
010 _a31071
011 _a32043
035 _a36155
040 _cCHAP
090 _aTesis
100 0 0 _aLoera Gallardo, Jesús.
_967443
245 0 _aComportamiento de 32 variedades de sorgo para grano y del pulgón del cogollo Rhopalosiphum maidis (Fitch), (Homoptera, Aphididae) bajo infestaciones artificiales y naturales
260 _aChapingo, Méx. :
_bEl autor,
_c1975
300 _a82 h.
_b: gráfs.
500 _ac.4-5 en bodega
502 _aTesis (M.C. Esp. en Entomología) -- ENA. Colegio de Postgraduados.
590 _aALEPH
_b10
_c20130110
_lUCH01
_h1253
590 _aBATCH-UPD
_b10
_c20130110
_lUCH01
_h2155
590 _aBATCH-UPD
_b10
_c20130410
_lUCH01
_h1504
590 _aBATCH-UPD
_b10
_c20130914
_lUCH01
_h1728
590 _aCONVERSION
_b10
_c20130109
_lUCH01
_h1318
650 1 4 _aRhopalosiphum maidis.
_997164
650 1 4 _aSorgo
_xPlagas.
_9108704
650 1 4 _aSorgo
_xVariedades resistentes a plagas.
_9108736
650 1 4 _aSorgo
_xVariedades.
_9108734
901 _aBK
942 _cFOLL
949 _bBC
_cTES
_d-83328
_eTS1
_i36155
_si
949 _bBC
_cTES
_d-83329
_eTS2
_fc.2
_i36155
_si
949 _bBC
_cTES
_d-83330
_eTS2
_fc.3
_i36155
_si
999 _c31071
_d31071